| 000 | 00488nam a22001577a 4500 | ||
|---|---|---|---|
| 020 | _a9781259837241 | ||
| 082 |
_a615.1 _bLAN |
||
| 245 |
_aLange Pharmacology Flashcards / _cEdited by Suzanne J. Baron; Christoph l. Lee |
||
| 250 | _a4th Edition. | ||
| 260 |
_aNew York : _bMcGraw-Hill Education. _c2018. |
||
| 300 |
_aunpage; _bill, _c24 cm. |
||
| 563 | _aPBK. | ||
| 650 |
_aMedicine--Study and teaching _9113544 |
||
| 650 |
_aPharmacology--Study and teaching _9114173 |
||
| 942 |
_2ddc _cBK |
||
| 999 |
_c595582 _d595582 |
||